000
00308nam a22001337a 4500
008
170609b xxu||||| |||| 00| 0 eng d
020
_a
978111132940
041
_a
eng
080
_a
327
100
_a
19
101
_a
SHP
245
_a
AMERICAN GOVERNMENT AND POLITICS TODAY
_c
SCHMIDT,S.W
942
_2
udc
_c
BK
999
_c
16662
_d
16662